000 00448nam a2200157 i 4500
001 56988
003 ES-MaACL
005 20230906163506.0
007 t|
008 031014s1915 ag ||||1| spa d
100 1 _aDobranich, Horacio H.
_944942
245 1 3 _aLa fábula
_b: estudio literario /
_cHoracio H. Dobranich.
260 _aBuenos Aires :
_bLibrería de Bonmati, hijo,
_c1915.
300 _a54 p. ;
_c23 cm.
852 _aES-MaACL
_j1530-F-1
999 _c56988
_d56988